| 000 | 01107nam a2200241 i 4500 | ||
|---|---|---|---|
| 001 | 158023 | ||
| 003 | ES-MaACL | ||
| 005 | 20230906210943.0 | ||
| 008 | 931025s1798 sp |||| | spa d | ||
| 040 |
_aCARM _bspa _cPAB |
||
| 100 | 1 |
_aLópez Fando, Juan. _9129202 |
|
| 245 | 1 | 0 |
_aProntuario de testamentos y contratos _b: obra útil no solamente á los escribanos principiantes, y á los que intenten serlo, sino á los letrados... / _c[Juan López Fando] ; tomo primero. |
| 260 |
_aMadrid : _ben la imprenta de D. Benito Cano, _c1798. |
||
| 300 |
_a[2], 240 p. ; _c8º. |
||
| 594 | 1 | _aAutor consta en prelim. | |
| 597 | 1 | _aSign. : [ ]\p2\s, A-P\p8\s. | |
| 650 | 4 |
_aTestamentos- _vCompendios, Sipnosis, etc. _9222885 |
|
| 650 | 4 |
_aContratos- _vCompendios, sipnosis, etc. _9222887 |
|
| 700 | 1 |
_aCano, Benito, _eimp. _9126313 |
|
| 752 |
_aEspaña - _dMadrid |
||
| 852 |
_aES-MaACL _jR-610(1) _z-- Enc. pasta española _z-- Legado M. de la Fuente _x-- Edic.: En verso de la port. consta: "Se hallará en la librería de Flores ..., y Campo ..." _x Olim: D-3987 |
||
| 999 |
_c158023 _d158023 |
||